Vybraté teórie medzinárodného obchodu - východiská na vstup podnikov do EÚ

Proces rozširovania EÚ a integrácia rôznych národných trhov a komerčných prostredí do jednotného európskeho trhu. Pripravenosť slovenských podnikov na vstup do EÚ. Teórie medzinárodného obchodu. Ricardova teória komparatívnych výhod. Model špecifických výrobných faktorov vyvinutý P.A. Samuelsonom...

Descrizione completa

Salvato in:
Dettagli Bibliografici
Autore principale: Daňková, Alena
Altri autori: Bosáková, Zuzana
Natura: Capitolo di libro
Lingua:slovacco
Soggetti:
Tags: Aggiungi Tag
Nessun Tag, puoi essere il primo ad aggiungerne!!

MARC

LEADER 00000naa$a2200000$$$4500
001 0011056
005 20220628132746.8
041 0 |a slo 
044 |a SK 
245 1 0 |a Vybraté teórie medzinárodného obchodu - východiská na vstup podnikov do EÚ  |c Alena Daňková, Zuzana Bosáková 
520 |a Proces rozširovania EÚ a integrácia rôznych národných trhov a komerčných prostredí do jednotného európskeho trhu. Pripravenosť slovenských podnikov na vstup do EÚ. Teórie medzinárodného obchodu. Ricardova teória komparatívnych výhod. Model špecifických výrobných faktorov vyvinutý P.A. Samuelsonom a R. Jonesom. Heckscherova-Ohlinova teoréma. Modely horizontálneho vnútro-odvetvového obchodu. Model vertikálneho vnútro-odvetvového obchodu. 
610 2 0 |a obchod medzinárodný 
610 2 0 |a teórie ekonomické 
610 2 0 |a integrácia ekonomická medzinárodná 
610 2 0 |a trh spoločný 
610 2 0 |a trh medzinárodný 
610 2 0 |a konkurencieschopnosť 
610 2 0 |a podnik 
610 2 0 |a Európska únia 
100 1 |a Daňková, Alena 
700 1 |a Bosáková, Zuzana